000 00867nas a2200229 4500
001 BR8704979
003 BR-BrBNA
005 20231205090736.0
007 ta
008 230509b bl.|||p| |||| 00| 00por d
040 _aBR-BrBNA
_bpor
_cBiblioteca Nacional de Agricultura
041 _a(Pt)
072 _aH10
100 1 _aAmaral Filho, B.F. do
245 1 _aObservacoes sobre o ciclo biologico de Crinocerus sanctus (Fabricius, 1775)(Hemiptera; Coreidae)sob condicoes de laboratorio
246 1 _aObservations on the life cycle of Crinocerus sanctus (Fabricius, 1775)(Hemiptera, Coreidae)under laboratory conditions
650 _aHEMIPTERO
650 _aCICLO DE VIDA
773 0 _tAnais da Sociedade Entomologica do Brasil (Brazil)
_xISSN 0301-8059
_g(1986), v. 15(1) p. 5-18
_wBR8704979
909 _a202311
_bLúcia
_c55
_dLúcia Elande
942 _2AGRIS
_n0
_cANA
999 _c120574
_d120574